Search the Library Catalogue
| 000 -LEADER | |
|---|---|
| fixed length control field | 00516nam a2200181 a 4500 |
| 001 - CONTROL NUMBER | |
| control field | 1769511817039 |
| 003 - CONTROL NUMBER IDENTIFIER | |
| control field | YourLibrary |
| 005 - DATE AND TIME OF LATEST TRANSACTION | |
| control field | 20260127164609.0 |
| 008 - FIXED-LENGTH DATA ELEMENTS--GENERAL INFORMATION | |
| fixed length control field | 260127s2002##################000#0#eng## |
| 020 ## - INTERNATIONAL STANDARD BOOK NUMBER | |
| International Standard Book Number | 9781843760191 |
| 082 04 - DEWEY DECIMAL CLASSIFICATION NUMBER | |
| Classification number | 331.10151 |
| Item number | CRE.2 |
| 040 ## - CATALOGING SOURCE | |
| Original cataloging agency | YourLibrary |
| Language of cataloging | eng |
| Transcribing agency | YourLibrary |
| 100 1# - MAIN ENTRY--PERSONAL NAME | |
| Personal name | Creedy, John, |
| Relator term | author. |
| 245 10 - TITLE STATEMENT | |
| Title | Nonlinear Models, Labour Markets, and Exchange : |
| 260 ## - PUBLICATION, DISTRIBUTION, ETC. | |
| Name of publisher, distributor, etc. | Edward Elgar Publishing, |
| Date of publication, distribution, etc. | 2002. |
| 650 #0 - SUBJECT ADDED ENTRY--TOPICAL TERM | |
| Topical term or geographic name entry element | Demand (Economic theory). |
| 942 ## - ADDED ENTRY ELEMENTS (KOHA) | |
| Koha item type | English Books |
| Withdrawn status | Lost status | Damaged status | Not for loan | Home library | Current library | Shelving location | Date acquired | Total Checkouts | Full call number | Barcode | Date last seen | Price effective from | Koha item type |
|---|---|---|---|---|---|---|---|---|---|---|---|---|---|
| Anna Centenary Library | Anna Centenary Library | 4TH FLOOR, A WING | 27.01.2026 | 331.10151 CRE.2 | 359446 | 27.01.2026 | 27.01.2026 | English Books |